XIII Censo de población y II de vivienda levantados el 29 de noviembre de 1960: algunos resultados provincials del XIII censo de población obtenidos por muestreo
Guardat en:
| Autor corporatiu: | |
|---|---|
| Format: | Llibre |
| Idioma: | espanyol |
| Publicat: |
Santiago
s.n
1963
|
| Matèries: | |
| Etiquetes: |
Afegir etiqueta
Sense etiquetes, Sigues el primer a etiquetar aquest registre!
|
MARC
| LEADER | 00000nam a2200000 a 4500 | ||
|---|---|---|---|
| 001 | UCO4244 | ||
| 003 | CL-VaPUC | ||
| 008 | 000728e19630000cl |||||||||||||||||spa|d | ||
| 082 | 0 | 4 | |a 310.983 |b DIR |2 21 |
| 110 | 2 | |a Dirección de Estadística y Censos |e author |9 448554 | |
| 245 | 1 | 0 | |a XIII Censo de población y II de vivienda levantados el 29 de noviembre de 1960: algunos resultados provincials del XIII censo de población obtenidos por muestreo |
| 300 | |a 284 p | ||
| 942 | |c BK | ||
| 945 | |d 20000728 00:00:00 |a crobeson | ||
| 260 | |a Santiago |b s.n |c 1963 | ||
| 650 | 7 | |a CENSO 1960 |2 CL-VaPUC |9 448555 | |
| 650 | 0 | |a Población |9 257577 | |
| 650 | 0 | |a Vivienda |9 258662 | |
| 650 | 0 | |a Estadísticas |9 258644 | |
| 650 | 0 | |a Demografía |9 260008 | |
| 651 | 7 | |a CHILE |2 CL-VaPUC |9 448556 | |
| 583 | |a last modification |c 20170808 05:14:40 |k Rodrigo Vera | ||
| 999 | |c 290309 |d 290307 | ||
| 952 | |0 0 |1 0 |4 0 |6 310_983000000000000_DIR_1963 |7 0 |8 X |9 339647 |a BIBHIS |b BIBHIS |d 2019-11-20 |i 1212354 |l 1 |o 310.983 DIR 1963 |p 1212354 |r 2024-09-10 |s 2024-09-10 |w 2019-11-20 |y BK_X |k HIS | ||